College Quizbowl Stats
College Quizbowl Stats
Circuits
Seasons
Sets
Records
Detailed Stats
About
Loading...
2024 ARCADIA at Illinois
Tossups
Bonuses
Players
Teams
Categories (Tossup)
Categories (Bonus)
Sriram Koritala
Illinois Blue
Categories
Category
Powers
Gets
Negs
BBs
Points
Earliest Buzz
Avg. Buzz
First Buzzes
Top 3 Buzzes
History - European History
0
2
0
1
20
72
99.50
0
2
History - American History
0
1
0
0
10
95
95.00
0
1
History - Ancient History
0
1
0
1
10
126
126.00
0
0
Buzzes
Category
Answer
Value
Buzz Position
History - European History
1910s
10
72
History - American History
sanitation industry
10
95
History - Ancient History
Persian Immortals
10
126
History - European History
Córdoba
10
127
Previous
1
Next